Score 0/48 Timer 08:00
0 Plays Today
Hint Answer % Correct
Star crossed loversRomeo
99.5%
Star crossed loversJuliet
99.1%
Ancient houses of VeronaCapulet
64.3%
Ancient houses of VeronaMontague
62.2%
Courtier 'friends' of HamletRosencrantz
59.8%
Courtier 'friends' of HamletGuildenstern
58.8%
Appearances of Sir John FalstaffHenry IV (Part 1 and 2)
57.5%
Offspring of PoloniusOphelia
56.9%
Multi-part HistoriesHenry IV
56.2%
Titular characters who fought OctavianMark Antony
55.2%
Multi-part HistoriesHenry VI
54.2%
Titular characters who fought OctavianCleopatra VII
54.2%
Twins of Twelfth NightViola
51.4%
Trojan loversCressida
50.6%
Trojan loversTroilus
49.5%
The Royal FairiesOberon
49.3%
The Royal FairiesTitania
48.9%
Lear's treacherous daughtersRegan
48.8%
Wives of Henry VIIIAnne Bullen
48.2%
Lear's treacherous daughtersGoneril
47%
Soldiers under OthelloIago
46.3%
Offspring of PoloniusLaertes
45.1%
Wives of Henry VIIIQueen Katherine
44.7%
Twins of Twelfth NightSebastian
43.4%
Hint Answer % Correct
Appearances of Sir John FalstaffThe Merry Wives of Windsor
35%
Longtime adversaries who wed in MessinaBeatrice
31.8%
Longtime adversaries who wed in MessinaBenedick
29.7%
Sons of DuncanMalcolm
29.6%
Princes of Aragon in Much Ado About NothingDon John
28.2%
The Tempest - Two Dukes of MilanProspero
28.2%
Sons of GloucesterEdmund
25.9%
Athenian 'royal' marriage in A Midsummer Night's DreamTheseus
25.4%
Athenian 'royal' marriage in A Midsummer Night's DreamHippolyta
24.6%
Soldiers under OthelloMichael Cassio
24%
The Tempest - Two Dukes of MilanAntonio
23.6%
Sons of GloucesterEdgar
23.3%
Princes of Aragon in Much Ado About NothingDon Pedro
19.1%
Sons of DuncanDonalbain
17.5%
The two gentlemen of VeronaValentine
16.6%
The two gentlemen of VeronaProteus
14.6%
Twin Brothers, servants to twins on the leftDromio of Syracuse
11.9%
Twin Brothers, servants to twins on the leftDromio of Ephesus
11.2%
Twin Brothers, sons of Egeon and EmiliaAntipholus of Syracuse
10.5%
Cleopatra's serving maidsCharmian
9.9%
Twin Brothers, sons of Egeon and EmiliaAntipholus of Ephesus
9.9%
Cleopatra's serving maidsIras
7.6%
The two noble kinsmenArcite
6.2%
The two noble kinsmenPalamon
6.2%
Remove Ads.
Support Sporcle.
Get the best of Sporcle when you Go Orange. This ad-free experience offers more features, more stats, and more fun while also helping to support Sporcle. Thank you for becoming a member.

You're not logged in!

Compare scores with friends on all Sporcle quizzes.
OR
Log In

Sporcle TV

Today on Sporcle TV


Watch our educational content, quiz creation guides, and fun videos on Sporcle TV.

Show Comments

Extras

Top Quizzes Today


Score Distribution

Paid Content

Your Account Isn't Verified!

In order to create a playlist on Sporcle, you need to verify the email address you used during registration. Go to your Sporcle Settings to finish the process.

Report this User

Report this user for behavior that violates our Community Guidelines.

Details: